| 000 | 00912cam a2200301 a 4500 | ||
|---|---|---|---|
| 999 |
_c3396 _d3396 |
||
| 001 | 25131860 | ||
| 003 | OCoLC | ||
| 005 | 20181112132113.0 | ||
| 008 | 911102s1990 pau b 000 0 eng | ||
| 010 | _a 91212656 | ||
| 020 | _a1560430559 (pbk.) | ||
| 020 | _a9781560430551 (pbk.) | ||
| 035 | _a(OCoLC)25131860 | ||
| 040 |
_aDLC _cDLC _dBAKER _dBTCTA _dYDXCP _dOCLCG |
||
| 043 | _an-us--- | ||
| 050 | 0 | 0 |
_aBR526 _b.B76 1990 |
| 082 | 0 | 0 |
_a269 _220 _bB877H |
| 092 |
_a269 _bB8792 |
||
| 100 | 1 |
_aBrown, Michael L., _d1955- |
|
| 245 | 1 | 0 |
_aHow saved are we? : _bthe rude awakening / _cby Michael L. Brown. |
| 260 |
_aShippensburg, PA : _bDestiny Image, _cc1990. |
||
| 300 |
_a123, [5] p. ; _c21 cm. |
||
| 504 | _aIncludes bibliographical references (p. [125]-[128]). | ||
| 650 | 0 |
_aChristianity _zUnited States. |
|
| 651 | 0 |
_aUnited States _xMoral conditions. |
|
| 740 | 0 | 2 | _aRude awakening. |
| 942 |
_2ddc _cBK |
||